| 000 | 00384 a2200169 4500 | ||
|---|---|---|---|
| 001 | 70318 | ||
| 020 | _a9788576668350 | ||
| 040 | _cAnchieta - Itaigara | ||
| 100 | _aSouza, Shirley | ||
| 240 | 1 | 0 |
_aNão é brincadeira _lpor |
| 245 | 1 | 0 | _aNão é brincadeira |
| 300 | _a24 | ||
| 362 | 0 | _a2006 | |
| 440 | 1 | _aEscala Educacional | |
| 650 | 4 | _aLiteratura infanto-juvenil | |
| 942 | _cBK | ||
| 999 |
_c70318 _d70318 |
||